000 00433nam a2200181Ia 4500
001 10197
005 20260306161814.0
008 260306t2010||||xx |||||||||||||| ||spa||
041 _aESP
082 _a909
_bF41
100 _aFernández Armesto, Felipe
_eAUT
245 0 _a1492:
_bThe year the world Began
260 _c2010
300 _a346 páginas :
_c23 cm.
650 _aGEN
654 _aCHU
942 _cLIB
_dJUS
_fJUS
_2ddc
_n
999 _c10197
_d10197